| 000 | nam a22 a 4500 | ||
|---|---|---|---|
| 999 |
_c46113 _d46113 |
||
| 003 | BLK | ||
| 005 | 20230413160557.0 | ||
| 008 | 180408b bul|||||r ||||||| ||bul|| | ||
| 010 | _aKNG00049916000 | ||
| 020 | _a954-8181-19-3 | ||
| 040 | _aBLK | ||
| 041 |
_aBUL _cBUL |
||
| 080 |
_aАнглийска литература _b821.111 _x-31 _z821.111-31 |
||
| 100 | 1 |
_aФорсайт, Фредерик _eпърви автор _9242148 |
|
| 139 |
_aФорсайт, Фредерик _bФ 72 |
||
| 245 | 1 | 0 |
_aИзмамникът _bРоман _cФредерик Форсайт; прев. Валентин Вълков. |
| 257 | _aGBR | ||
| 260 |
_aВарна _bКомпас _c1993 _fВ. Търново : Абагар |
||
| 300 |
_a517 с. _c20 см |
||
| 380 | _aX | ||
| 490 |
_aСупертрилъри _9201922 |
||
| 500 | _aОриг. загл. The Deceiver / Frederick Forsyth. - 17 000 тир. | ||
| 653 | _aтрилъри | ||
| 653 | _aромани | ||
| 700 | 1 |
_aВълков, Валентин _eпрев. _9280621 |
|
| 852 |
_aЦб 173131 _bЦб |
||
| 856 | 4 |
_qpdf _i0.00 _ldisable |
|
| 856 | 4 |
_qpdf _i0.00 _ldisable |
|
| 942 |
_cKNG _n0 _09 _s1 |
||
| 944 |
_aCR _c12.05.2005 _kЛюдмила_Стоянова |
||
| 944 |
_aED _c11.07.2005 |
||
| 999 | _d46113 | ||